000 01131cab a2200241 4500
001 ABS68490
008 041122n2004 000 0 eng u
035 _a(Sirsi) u128067
100 _aPotter, A.
245 _aTake the gamble out of planning
260 _c2004
490 _aWastes Management
_vNovember 2004, 38-39(2)
520 _aIn recent years the waste planning system has been cited as the major obstacle to waste management development. Argues for an evidential-based approach to waste planning in order to facilitate planning permission for waste and resource management facilities. Dedicated planning guidance such as PPG10 helps but the advent of the landfill directive (Directive 99/31/EC), biodegradable municipal waste diversion targets and other EU directives require the planning system to be fine tuned.
590 _aABS
650 _aPLANNING PROCESS
650 _aWASTE PLANNING
650 _aDIRECTIVE 75/442/EEC
650 _aDIRECTIVE 99/31/EC
650 _aWASTE MANAGEMENT SITES
650 _aWASTE POLICY
690 _aENVIRONMENTAL AND LAND CONSULTANCY-WASTE MANAGEMENT
942 _n0
999 _c74613
_d74613